Snow, ice, and cold / (Record no. 14046)

000 -LEADER
fixed length control field 00630pam a2200229 a 4500
020 ## - INTERNATIONAL STANDARD BOOK NUMBER
ISBN 0027885305
040 ## - CATALOGING SOURCE
Transcribing agency DLC
082 00 - DEWEY DECIMAL CLASSIFICATION NUMBER
Classification number 910 NEW 1992 A104 Or.
100 1# - MAIN ENTRY--AUTHOR NAME
Personal name Stonehouse, Bernard.
245 10 - TITLE STATEMENT
Title Snow, ice, and cold /
260 ## - PUBLICATION, DISTRIBUTION, ETC. (IMPRINT)
Place of publication New York :
Name of publisher New Discovery Books,
Year of publication c1992.
300 ## - PHYSICAL DESCRIPTION
Number of Pages 45 p. :
Other physical details col. ill. ;
Dimensions 30 cm.
500 ## - GENERAL NOTE
General note Includes index.
520 ## - SUMMARY, ETC.
Summary, etc A look at the damage that snow, ice, and cold can cause and at measures that can be taken to minimize the destruction.
650 #0 - SUBJECT ADDED ENTRY--TOPICAL TERM
Topical Term Snow
650 #0 - SUBJECT ADDED ENTRY--TOPICAL TERM
Topical Term Ice
650 #0 - SUBJECT ADDED ENTRY--TOPICAL TERM
Topical Term Cold
650 #1 - SUBJECT ADDED ENTRY--TOPICAL TERM
Topical Term Cold.
650 #1 - SUBJECT ADDED ENTRY--TOPICAL TERM
Topical Term Snow.
650 #1 - SUBJECT ADDED ENTRY--TOPICAL TERM
Topical Term Ice.
942 ## - ADDED ENTRY ELEMENTS (KOHA)
Koha item type សៀវភៅភាសាអង់គ្លេស
952 ## - LOCATION AND ITEM INFORMATION (KOHA)
Withdrawn status [LOCAL, KOHA] 0
Holdings
Permanent Location Date acquired Koha item type Lost status Shelving location Barcode Current Location Full call number
Library Block A2017-10-05សៀវភៅភាសាអង់គ្លេស A104A21007Library Block A910 NEW 1992 A104 Or.
មជ្ឈមណ្ឌលឯការនៃសាកលវិទ្យាល័យភូមិន្ទកសិកម្មចំការដូង

Powered by Koha